[Event "Baden-ch Seniors Young "]
[Site "Oberwinden"]
[Date "2007.04.12"]
[Round "7"]
[White "Kellner, Ingo Johann"]
[Black "Gehrig, Bernd"]
[Result "0-1"]
[WhiteElo "1400"]
[BlackElo "1688"]
[PlyCount "79"]
[EventDate "2007.04.06"]
[EventType "swiss"]
[EventRounds "9"]
[EventCountry "GER"]
[SourceTitle "CBM 117 Extra"]
[Source "ChessBase"]
[SourceDate "2007.05.09"]
[SourceVersion "1"]
[SourceVersionDate "2007.05.09"]
[SourceQuality "1"]

1. e4 c6 2. Nf3 d5 3. d4 dxe4 4. Ng5 Nf6 5. Nc3 Bf5 6. Bc4 e6 7. Be3 Nbd7 8. f3 exf3 9. Nxf3 Bb4 10. 0-0 Bxc3 11. bxc3 Nb6 12. Bd3 Nbd5 13. Qd2 Ne4 14. Bxe4 Bxe4 15. Rac1 Qa5 16. c4 Qxd2 17. Bxd2 Nb6 18. c5 Nc4 19. Bf4 0-0 20. Nd2 Nxd2 21. Bxd2 b6 22. Bb4 a5 23. Ba3 b5 24. Bb2 Rfd8 25. a3 Rd5 26. Rf4 Bg6 27. c4 bxc4 28. Rxc4 Bd3 29. Rc3 Bb5 30. Rcf3 f6 31. Rg3 Kf7 32. h3 a4 33. Re3 Rad8 34. Re5 Rxe5 35. dxe5 f5 36. Rd4 Rxd4 37. Bxd4 f4 38. Kf2 Bc4 39. Kf3 Kg6 40. Kf2 0-1

[Event "Baden-ch Seniors Young "]
[Site "Oberwinden"]
[Date "2007.04.08"]
[Round "3"]
[White "Nees, Manfred"]
[Black "Kellner, Ingo Johann"]
[Result "1-0"]
[WhiteElo "1577"]
[BlackElo "1400"]
[PlyCount "77"]
[EventDate "2007.04.06"]
[EventType "swiss"]
[EventRounds "9"]
[EventCountry "GER"]
[SourceTitle "CBM 117 Extra"]
[Source "ChessBase"]
[SourceDate "2007.05.09"]
[SourceVersion "1"]
[SourceVersionDate "2007.05.09"]
[SourceQuality "1"]

1. Nc3 Nf6 2. d4 d5 3. Bg5 e6 4. e4 h6 5. Bxf6 gxf6 6. exd5 exd5 7. Qd3 c6 8. 0-0-0 Be6 9. Nh3 Bd6 10. Nf4 Qe7 11. Nh5 Nd7 12. Ng7+ Kf8 13. Nf5 Bxf5 14. Qxf5 Qe6 15. Bd3 Qxf5 16. Bxf5 Ke7 17. Ne2 Nb6 18. Ng3 Bf4+ 19. Kb1 h5 20. Bh3 Bxg3 21. fxg3 Rae8 22. Rhf1 Rh6 23. Rde1+ Kf8 24. b3 h4 25. Rxe8+ Kxe8 26. gxh4 Rxh4 27. Re1+ Re4 28. Rxe4+ dxe4 29. Bf5 e3 30. Kc1 Ke7 31. c4 Nd7 32. Kd1 b6 33. Bxd7 Kxd7 34. Ke2 Ke6 35. Kxe3 Kf5 36. d5 cxd5 37. cxd5 Ke5 38. h4 Kxd5 39. h5 1-0

[Event "Baden-ch Seniors Young "]
[Site "Oberwinden"]
[Date "2007.04.06"]
[Round "1"]
[White "Kellner, Ingo Johann"]
[Black "Werner, Bernd Michael"]
[Result "0-1"]
[WhiteElo "1400"]
[BlackElo "2096"]
[PlyCount "72"]
[EventDate "2007.04.06"]
[EventType "swiss"]
[EventRounds "9"]
[EventCountry "GER"]
[SourceTitle "CBM 117 Extra"]
[Source "ChessBase"]
[SourceDate "2007.05.09"]
[SourceVersion "1"]
[SourceVersionDate "2007.05.09"]
[SourceQuality "1"]

1. e4 Nf6 2. Nc3 d5 3. e5 Nfd7 4. d4 e6 5. Bb5 c5 6. Nf3 Nc6 7. Be3 cxd4 8. Bxd4 Nxd4 9. Qxd4 a6 10. Be2 Bc5 11. Qh4 Qxh4 12. Nxh4 Nxe5 13. 0-0 Bd7 14. Nd1 g5 15. Nf3 Nxf3+ 16. Bxf3 h5 17. Re1 0-0-0 18. a4 f5 19. c3 f4 20. b4 Bb6 21. Nb2 g4 22. Bd1 g3 23. Nd3 h4 24. Bf3 h3 25. Ra2 Rdf8 26. Bg4 hxg2 27. Kxg2 Rxh2+ 28. Kf3 gxf2 29. Nxf2 Be3 30. Rae2 e5 31. Bxd7+ Kxd7 32. Ne4 Rh3+ 33. Kg4 Rfh8 34. Nc5+ Ke7 35. Nd3 Rg3+ 36. Kf5 Rf8+ 0-1